|
|
|
|
| LEADER |
00000naa a2200000uu 4500 |
| 001 |
vtls011054845 |
| 003 |
SK-MaSNL |
| 005 |
20260302140115.0 |
| 008 |
210907|2001 xo |||||||||||||||||slo| |
| 015 |
|
|
|a SNBRA
|
| 035 |
|
|
|a (urnnbn)urn:nbn:sk:snk:ar-a0bxqi
|
| 035 |
|
|
|a (uuid)e0f00157-e4d1-4f4e-87e7-0e10740850d4
|
| 035 |
|
|
|a urn:nbn:sk:snk-aav4f7
|
| 040 |
|
|
|a SNKBUCL
|b slo
|c SNKBUCL
|e AACR2
|
| 041 |
0 |
|
|a slo
|
| 044 |
|
|
|a xo
|c SK
|
| 100 |
1 |
|
|a Bučová, Daria
|4 aut
|9 825905
|
| 245 |
1 |
0 |
|a SKÚSENOSTI Z PRIESTOROVEJ ORIENTÁCIE A MOBILITY V ZŠI PRE SLABOZRAKÝCH A NEVIDIACICH V BRATISLAVE
|c Daria Bučová, Jozef Šimko
|
| 700 |
1 |
|
|a Šimko, Jozef,
|d 1948-
|4 aut
|9 230779
|
| 773 |
0 |
|
|t Komplexná starostlivosť o zrakovo postihnuté deti, žiakov a študentov
|d Bratislava : Metodické centrum mesta Bratislavy, 2001
|g S. 66-67
|z 807164322X
|
| 958 |
|
|
|a OND
|
| 958 |
|
|
|a article12
|
| 958 |
|
|
|a chapter
|
| 999 |
|
|
|c 1329310
|d 1331240
|